La defensa de la intimidad y de los datos personales a traves del habeas data (Record no. 155653)
[ view plain ]
| 000 -LEADER | |
|---|---|
| fixed length control field | 00983nam a22002537a 4500 |
| 005 - DATE AND TIME OF LATEST TRANSACTION | |
| control field | 20210615142651.0 |
| 008 - FIXED-LENGTH DATA ELEMENTS--GENERAL INFORMATION | |
| fixed length control field | 210430b ag ||||| |||| 00| 0 spa d |
| 020 ## - INTERNATIONAL STANDARD BOOK NUMBER | |
| International Standard Book Number | 9505741499 |
| 050 04 - LIBRARY OF CONGRESS CALL NUMBER | |
| Classification number | KHA3022 |
| Item number | D44 2001 |
| 240 00 - UNIFORM TITLE | |
| Uniform title | Leyes y códigos |
| 245 03 - TITLE STATEMENT | |
| Title | La defensa de la intimidad y de los datos personales a traves del habeas data |
| Statement of responsibility, etc | / Osvaldo Alfredo Gozaíni coordinador , Marcela Basterra...[et al.]. |
| 250 ## - EDITION STATEMENT | |
| Edition statement | 1a ed. |
| 260 ## - PUBLICATION, DISTRIBUTION, ETC. (IMPRINT) | |
| Place of publication, distribution, etc | Buenos Aires, Argentina : |
| Name of publisher, distributor, etc | Ediar : |
| -- | Sociedad Anónima Editora, Comercial, Industrial y Financiera, |
| Date of publication, distribution, etc | 2001 |
| 300 ## - PHYSICAL DESCRIPTION | |
| Extent | 487 p. ; |
| Dimensions | 21 cm. |
| 505 ## - FORMATTED CONTENTS NOTE | |
| Formatted contents note | Incluye bibliografía |
| 650 #4 - SUBJECT ADDED ENTRY--TOPICAL TERM | |
| Topical term or geographic name as entry element | Privacidad |
| General subdivision | Legislación |
| Geographic subdivision | Argentina |
| 650 #7 - SUBJECT ADDED ENTRY--TOPICAL TERM | |
| Source of heading or term | lemb |
| Topical term or geographic name as entry element | Libertad a la información |
| Geographic subdivision | Argentina |
| 650 #7 - SUBJECT ADDED ENTRY--TOPICAL TERM | |
| Source of heading or term | lemb |
| Topical term or geographic name as entry element | Ptotección de datos |
| 700 1# - ADDED ENTRY--PERSONAL NAME | |
| Personal name | Gozaini, Osvaldo Alfredo |
| Relator term | coordinador |
| 700 1# - ADDED ENTRY--PERSONAL NAME | |
| Personal name | Basterra, Marcela |
| Relator term | autor |
| 700 1# - ADDED ENTRY--PERSONAL NAME | |
| Personal name | Valle Díaz de Ubeid, Laticia del, |
| Relator term | autor |
| 700 1# - ADDED ENTRY--PERSONAL NAME | |
| Personal name | Dubie, Pedro |
| Relator term | autor |
| 942 ## - ADDED ENTRY ELEMENTS (KOHA) | |
| Source of classification or shelving scheme | Biblioteca del Cogreso de los Estados Unidos |
| Koha item type | Libro |
| Estado de pérdida | Fuente de clasificación | Estado del daño | No para préstamo | Ubicación permanente | Ubicación actual | Apartado o colección | Fecha de adquisición | Edición | Dependencia de educación superior (DES) | Área del conocimiento | Total Checkouts | Clasificación | Código de Barras | Date last seen | Número de copia | Costo por reposición | Tipo de recurso |
|---|---|---|---|---|---|---|---|---|---|---|---|---|---|---|---|---|---|
| Biblioteca del Cogreso de los Estados Unidos | Biblioteca del Posgrado en Derecho | Biblioteca del Posgrado en Derecho | Colección Ernesto Villanueva | 30/04/2021 | 1a ed. | Derecho | Ciencias Sociales y Administrativas | KHA3022 D44 2001 | BPD000001621 | 30/04/2021 | 1 | 1.00 | Libro | ||||
| Biblioteca del Cogreso de los Estados Unidos | Biblioteca del Posgrado en Derecho | Biblioteca del Posgrado en Derecho | Colección Ernesto Villanueva | 30/04/2021 | 1a ed. | Derecho | Ciencias Sociales y Administrativas | KHA3022 D44 2001 | BPD000001622 | 30/04/2021 | 2 | 1.00 | Libro |